Statistics for Countries in Nile River Catchment

Click here to take the quiz!

General Stats

  • This quiz has been taken 133 times
    (132 since last reset)
  • The average score is 12 of 13

Answer Stats

Country% Correct
Egypt
100%
Kenya
98%
Sudan
98%
Rwanda
97%
South Sudan
97%
Ethiopia
96%
Democratic Republic of the Congo
94%
Burundi
93%
Chad
93%
Tanzania
93%
Uganda
93%
Eritrea
90%
Central African Republic
89%

Score Distribution

Percentile by Number Answered

Percent of People with Each Score

Your Score History

You have not taken this quiz since the last reset